Vodič, hudba a riadenie automobilu
Uložené v:
| Hlavný autor: | |
|---|---|
| Ďalší autori: | |
| Médium: | Rukopis Kniha |
| Jazyk: | Slovak |
| Vydavateľské údaje: |
2016
|
| Predmet: | |
| On-line prístup: | http://is.stuba.sk/zp/portal_zp.pl?podrobnosti=119942 |
| Tagy: |
Žiadne tagy, Buďte prvý, kto otaguje tento záznam!
|
MARC
| LEADER | 00000ntm a22000003a 4500 | ||
|---|---|---|---|
| 001 | stuzp53854 | ||
| 003 | SK-STU | ||
| 005 | 20160809112344.1 | ||
| 007 | ta | ||
| 008 | 150427s2015----xo-----f-mn---000-0-slo-d | ||
| 040 | |a STU |b slo | ||
| 041 | 0 | |a slo | |
| 044 | |a xo | ||
| 100 | 1 | |a Varl, Oliver |u 035000 |k Z4 |4 aut |U FEI Fakulta elektrotechniky a informatiky |T FEI Ústav informatiky a matematiky |X 8905 |U E050 |Y 816 |7 A000008905 | |
| 242 | 0 | 1 | |a Driver, music and drive stimulation |y eng |
| 245 | 1 | 0 | |a Vodič, hudba a riadenie automobilu |
| 260 | |c 2016 | ||
| 300 | |a 49 s., príl., |b CD-ROM | ||
| 650 | 4 | |a vodič |2 slo | |
| 650 | 4 | |a telesné parametre |2 slo | |
| 650 | 4 | |a hudobná stimulácia |2 slo | |
| 650 | 4 | |a physical parameters |2 eng | |
| 650 | 4 | |a driver |2 eng | |
| 650 | 4 | |a music stimulation |2 eng | |
| 700 | 1 | |a Kukučka, Marek |u 030400 |k Z8 |4 ths |U FEI Fakulta elektrotechniky a informatiky |T FEI Ústav automobilovej mechatroniky |X 1884 |U E400 |Y 642 |7 A000001884 | |
| 856 | 4 | |u http://is.stuba.sk/zp/portal_zp.pl?podrobnosti=119942 | |
| 996 | |b 284EP11476 |c E*DIPL- 11476 |l EE35 |s P |a 0 |w stuzp53854_0001 | ||
| SQL | |a stuzp53854 |b DDP |c SLO |d Vodič, hudba a riadenie automobilu |e 8905 |f Varl, Oliver |g 035000 |h 1884 |i Kukučka, Marek |j 20160615 |k 359 |l 03 |m http://is.stuba.sk/zp/portal_zp.pl?podrobnosti=119942 |n I-API |o 9.2.9. aplikovaná informatika | ||